00560cam a22001812 4500001001100000005001700011008004100028020002600069040001500095050002200110100002800132245007200160250001800232260004300250300002800293650002800321700002900349000000264820151217151901.0070417s xx 000 0 eng d a8127201545 :cKES 935 aKABUcKABU 0aHF5635b.J35 20021 aJain, S. P.@000015188010aAdvanced accountancy (complete volume) /cS. P. Jain, K. L. Narang. a11th rev. ed. aLudhiana :bKalyani Publishers,c2002. a1018, 1171 p. ;c25 cm. 0aAccounting.@00001483211 aNarang K. L.@0000151881